[Event "Women&#39;s 4NCL Division 1"]
[Site "Kenilworth, ENG"]
[Date "2019.10.12"]
[Round "2.11"]
[White "Orlovska, Madara"]
[Black "Headlong, Fenella"]
[Result "1-0"]
[WhiteElo "2125"]
[BlackElo "1757"]
[PlyCount "69"]
[EventDate "2019.10.12"]
[WhiteTeam "Guildford"]
[BlackTeam "Check Inn"]

1. d4 d5 2. Nc3 Nf6 3. Bg5 Ne4 4. Nxe4 dxe4 5. Qd2 Qd5 6. Bf4 Nc6 7. e3 e5 8.
dxe5 Qxd2+ 9. Kxd2 Be6 10. c3 O-O-O+ 11. Kc2 Be7 12. Bb5 g5 13. Bg3 h5 14. h3
h4 15. Bh2 g4 16. hxg4 Bxg4 17. Nh3 Nxe5 18. Bxe5 Rh5 19. Bxc7 Kxc7 20. Bc4 Rf5
21. Nf4 Bg5 22. g3 h3 23. Rh2 b5 24. Be2 Bxf4 25. Bxg4 Rg5 26. exf4 Rxg4 27.
Rxh3 Rg6 28. Rh7 Rgd6 29. Rxf7+ Kb6 30. Kb3 a5 31. Re7 a4+ 32. Ka3 b4+ 33. Kxb4
Rd5 34. Rxe4 a3 35. Kxa3 1-0

[Event "Women&#39;s 4NCL Division 1"]
[Site "Kenilworth, ENG"]
[Date "2019.10.12"]
[Round "2.12"]
[White "Arora, Tashika"]
[Black "Kueh, Audrey"]
[Result "0-1"]
[WhiteElo "1690"]
[BlackElo "2087"]
[PlyCount "102"]
[EventDate "2019.10.12"]
[WhiteTeam "Check Inn"]
[BlackTeam "Guildford"]

1. d4 Nf6 2. Nf3 g6 3. Bf4 Bg7 4. e3 O-O 5. Be2 c5 6. O-O cxd4 7. exd4 d5 8.
Nc3 a6 9. Qd2 Nc6 10. Ne5 Bf5 11. Nxc6 bxc6 12. Na4 Ne4 13. Qb4 a5 14. Qb6 Qxb6
15. Nxb6 Ra7 16. c3 a4 17. Rac1 g5 18. f3 gxf4 19. fxe4 Bxe4 20. Bd1 a3 21. b3
e5 22. dxe5 Bxe5 23. Na4 Bd6 24. Bc2 f5 25. Bb1 Rg7 26. Bxe4 fxe4 27. Kh1 Kf7
28. Rfe1 Ke6 29. c4 f3 30. gxf3 Rxf3 31. Re2 Ke5 32. cxd5 cxd5 33. Rd1 d4 34.
Nb6 Bb4 35. Nc4+ Kf4 36. Nd2 Bxd2 37. Rexd2 d3 38. Rg2 Rxg2 39. Kxg2 Ke3 40.
Re1+ Kd4 41. Rd1 Rf8 42. Rc1 d2 43. Rd1 Kd3 44. Kg3 e3 45. Kg2 e2 46. Rxd2+
Kxd2 47. Kg3 e1=Q+ 48. Kg4 Qe4+ 49. Kg5 Qg6+ 50. Kh4 Rf5 51. b4 Rh5# 0-1

[Event "Women&#39;s 4NCL Division 1"]
[Site "Kenilworth, ENG"]
[Date "2019.10.12"]
[Round "2.13"]
[White "Mellor, Jessica"]
[Black "Headlong, Georgia"]
[Result "0-1"]
[WhiteElo "1870"]
[BlackElo "1705"]
[PlyCount "136"]
[EventDate "2019.10.12"]
[WhiteTeam "Guildford"]
[BlackTeam "Check Inn"]

1. e4 e5 2. Nc3 Nf6 3. Bc4 Nxe4 4. Qh5 Nd6 5. Qxe5+ Qe7 6. Qxe7+ Bxe7 7. Bb3
Nf5 8. Nf3 c6 9. d4 d5 10. Bf4 O-O 11. O-O-O Nd7 12. Rhe1 Bf6 13. Ne2 a5 14. c3
Nb6 15. Bc2 Nh4 16. Nxh4 Bxh4 17. Ng3 Bg4 18. f3 Bd7 19. Re2 f5 20. Bc7 Nc4 21.
b3 Na3 22. Bd6 Nxc2 23. Bxf8 Ne3 24. Rxe3 Bg5 25. Rde1 Kxf8 26. f4 Bxf4 27. Kc2
Bxe3 28. Rxe3 Re8 29. Rf3 g6 30. Kd2 Ke7 31. Nh1 Kf6 32. Nf2 g5 33. Nd3 Re4 34.
Ne5 Be8 35. h3 h5 36. g3 g4 37. hxg4 hxg4 38. Rf2 Kg5 39. Rf1 f4 40. gxf4+ Rxf4
41. Ke2 Rxf1 42. Kxf1 Kf4 43. Kf2 Ke4 44. Kg3 Ke3 45. Kxg4 Kd2 46. c4 Kc3 47.
cxd5 cxd5 48. Kf4 Kxd4 49. Nf3+ Kc3 50. Ke3 Kb2 51. Kd3 Bg6+ 52. Kd4 Kxa2 53.
Kc3 b5 54. b4 a4 55. Nd4 Be8 56. Kc2 a3 57. Kc1 Bg6 58. Nxb5 Kb3 59. Nd4+ Kxb4
60. Ne2 Kc4 61. Nf4 Be4 62. Ne2 d4 63. Ng3 d3 64. Ne2 Kb3 65. Nd4+ Kc4 66. Nf3
Kc3 67. Nd2 a2 68. Nb1+ axb1=Q+ 0-1

[Event "Women&#39;s 4NCL Division 1"]
[Site "Kenilworth, ENG"]
[Date "2019.10.12"]
[Round "2.14"]
[White "Ashraf, Zoha"]
[Black "Frostick, Helen M"]
[Result "1/2-1/2"]
[WhiteElo "1540"]
[BlackElo "1909"]
[PlyCount "54"]
[EventDate "2019.10.12"]
[WhiteTeam "Check Inn"]
[BlackTeam "Guildford"]

1. e4 e6 2. d4 d5 3. exd5 exd5 4. Nf3 Nf6 5. Bd3 Be7 6. O-O O-O 7. c4 dxc4 8.
Bxc4 c6 9. h3 Nbd7 10. Nc3 Nb6 11. Bb3 Nbd5 12. Nxd5 Nxd5 13. Bc2 h6 14. Qd3
Nf6 15. Bf4 Bd6 16. Ne5 Bxe5 17. Bxe5 g6 18. Bb3 Bf5 19. Qf3 Nd5 20. Rfe1 Be6
21. a3 Kh7 22. Bc2 f5 23. Bh2 Qd7 24. a4 Nf6 25. Rad1 Bd5 26. Qf4 Rae8 27. Qd6
Qxd6 1/2-1/2

[Event "Women&#39;s 4NCL Division 1"]
[Site "Kenilworth, ENG"]
[Date "2019.10.12"]
[Round "2.21"]
[White "Norinkeviciute, Rasa"]
[Black "Smith, Olivia"]
[Result "1-0"]
[WhiteElo "2002"]
[BlackElo "2020"]
[PlyCount "75"]
[EventDate "2019.10.12"]
[WhiteTeam "Wood Green"]
[BlackTeam "The Dragonesses"]

1. c4 Nf6 2. g3 g6 3. Bg2 Bg7 4. Nc3 d6 5. d3 e5 6. e4 Nc6 7. h3 Be6 8. Nge2
Qd7 9. Be3 h5 10. Qd2 a6 11. Nd5 Bxd5 12. cxd5 Ne7 13. d4 Nfg8 14. O-O f5 15.
f3 Bh6 16. Rac1 Bxe3+ 17. Qxe3 c6 18. dxe5 dxe5 19. dxc6 Nxc6 20. Rfd1 Qe6 21.
exf5 gxf5 22. Nf4 Qh6 23. Rxc6 bxc6 24. Qxe5+ Ne7 25. Rd6 Qh7 26. Ng6 Rg8 27.
Nxe7 Qf7 28. Qe2 Kf8 29. Ng6+ Qxg6 30. Rxg6 Rxg6 31. Qe5 Kg8 32. Qxf5 Rxg3 33.
Qxh5 Rg7 34. Qc5 Rd8 35. Qc4+ Kf8 36. Qxc6 Rd2 37. f4 Rxb2 38. Qf6+ 1-0

[Event "Women&#39;s 4NCL Division 1"]
[Site "Kenilworth, ENG"]
[Date "2019.10.12"]
[Round "2.22"]
[White "Sivarajasingam, Shayanna"]
[Black "Serbanescu, Diana-Maria"]
[Result "1/2-1/2"]
[WhiteElo "1762"]
[BlackElo "1992"]
[PlyCount "71"]
[EventDate "2019.10.12"]
[WhiteTeam "The Dragonesses"]
[BlackTeam "Wood Green"]

1. e4 d6 2. d4 Nf6 3. Nc3 e5 4. dxe5 dxe5 5. Qxd8+ Kxd8 6. Bc4 Ke8 7. Nf3 Bd6
8. Bg5 c6 9. O-O-O Bc7 10. h3 Nbd7 11. Rhe1 b5 12. Bd3 h6 13. Bh4 g5 14. Bg3
Nh5 15. Bh2 Nf4 16. Bxf4 gxf4 17. g4 Ba5 18. Rg1 Ke7 19. Nh4 Nc5 20. Nf5+ Bxf5
21. gxf5 Bxc3 22. bxc3 Na4 23. c4 Nc3 24. Rd2 b4 25. Kb2 a5 26. f3 Rhg8 27.
Rdg2 Rxg2 28. Rxg2 c5 29. Rg1 Kf6 30. Kb3 a4+ 31. Kb2 a3+ 32. Ka1 Rd8 33. h4
Rb8 34. Rg2 Rd8 35. Rg1 Ra8 36. Rg2 1/2-1/2

[Event "Women&#39;s 4NCL Division 1"]
[Site "Kenilworth, ENG"]
[Date "2019.10.12"]
[Round "2.23"]
[White "Walker, Kate"]
[Black "Sivarajasingam, Venetia"]
[Result "1-0"]
[WhiteElo "1645"]
[BlackElo "1766"]
[PlyCount "47"]
[EventDate "2019.10.12"]
[WhiteTeam "Wood Green"]
[BlackTeam "The Dragonesses"]

1. d4 d5 2. c4 e6 3. Nc3 Be7 4. e3 Nf6 5. Bd3 O-O 6. f4 c5 7. Nf3 Nc6 8. O-O
cxd4 9. exd4 Nb4 10. c5 Nxd3 11. Qxd3 Bd7 12. Ne5 Rc8 13. Bd2 b6 14. b4 bxc5
15. bxc5 Bc6 16. Qa6 Qc7 17. Rab1 Ne4 18. Nxe4 dxe4 19. Ba5 Bxc5 20. Bxc7 Bxd4+
21. Kh1 Rxc7 22. Nxc6 Bb6 23. Ne5 e3 24. Rbc1 1-0

[Event "Women&#39;s 4NCL Division 1"]
[Site "Kenilworth, ENG"]
[Date "2019.10.12"]
[Round "2.24"]
[White "Smith, Lynda"]
[Black "Parnes, Shira"]
[Result "1-0"]
[WhiteElo "1765"]
[BlackElo "1495"]
[PlyCount "137"]
[EventDate "2019.10.12"]
[WhiteTeam "The Dragonesses"]
[BlackTeam "Wood Green"]

1. e4 e5 2. Nf3 Nc6 3. Bb5 a6 4. Bxc6 bxc6 5. O-O d6 6. d4 Bg4 7. dxe5 Bxf3 8.
Qxf3 dxe5 9. Qc3 Qd6 10. Be3 Ne7 11. Na3 Ng6 12. Rfd1 Qf6 13. Nc4 Be7 14. Na5
O-O 15. Nxc6 Bd6 16. Rd5 Nf4 17. Bxf4 Qxf4 18. Qf3 Qxf3 19. gxf3 Rfe8 20. Rad1
f6 21. Na5 Rab8 22. Nc4 Bf8 23. Rd7 Rec8 24. b3 Ra8 25. Ne3 Bd6 26. Nf5 Bf8 27.
Ne7+ Bxe7 28. Rxe7 Rd8 29. Rxd8+ Rxd8 30. Rxc7 Rd1+ 31. Kg2 Rd6 32. Rc5 Kf7 33.
Rd5 Rc6 34. c4 Ke6 35. Kg3 g6 36. f4 exf4+ 37. Kxf4 h5 38. h4 Rb6 39. e5 Rc6
40. exf6 Kxf6 41. c5 a5 42. Rd6+ Rxd6 43. cxd6 Ke6 44. d7 Kxd7 45. Kg5 Kc6 46.
Kxg6 Kc5 47. a3 Kd4 48. f4 Kc3 49. f5 Kxb3 50. f6 Kxa3 51. f7 a4 52. f8=Q+ Kb3
53. Kxh5 a3 54. Kg6 a2 55. Qf7+ Kb2 56. Qxa2+ Kxa2 57. h5 Kb3 58. h6 Kc4 59. h7
Kd5 60. h8=Q Ke6 61. Qf6+ Kd7 62. Kf7 Kc7 63. Qd4 Kc6 64. Ke6 Kb7 65. Qc3 Ka6
66. Qb2 Ka7 67. Kd6 Ka6 68. Kc6 Ka7 69. Qb7# 1-0

[Event "Women&#39;s 4NCL Division 1"]
[Site "Kenilworth, ENG"]
[Date "2019.10.12"]
[Round "2.31"]
[White "Evans, Aoise"]
[Black "Schmid, Shahanah"]
[Result "0-1"]
[WhiteElo "1592"]
[BlackElo "2069"]
[PlyCount "76"]
[EventDate "2019.10.12"]
[WhiteTeam "Sacrificial Pawns"]
[BlackTeam "Richmond Juniors Amazons"]

1. e4 c5 2. Nc3 Nc6 3. g3 g6 4. Bg2 Bg7 5. d3 e6 6. Be3 d6 7. Qd2 Rb8 8. Nge2
Nd4 9. O-O b5 10. f4 Ne7 11. Rf2 b4 12. Nd1 Nec6 13. g4 Nxe2+ 14. Rxe2 O-O 15.
Nf2 Bxb2 16. Rf1 Nd4 17. Ree1 Bc3 18. Qc1 Bxe1 19. Rxe1 f5 20. Qb2 Qb6 21. exf5
exf5 22. Bd5+ Kh8 23. Nh3 h6 24. Nf2 Bb7 25. Bc4 Rbe8 26. Bxd4+ cxd4 27. Rb1
Qc6 28. Qxd4+ Kh7 29. Ne4 fxe4 30. Rxb4 exd3 31. Rxb7+ Qxb7 32. Qxd3 Re1+ 33.
Kf2 Qe4 34. Qb3 Rxf4+ 35. Kg3 Re3+ 36. Qxe3 Qxe3+ 37. Kh4 g5+ 38. Kh5 Qh3# 0-1

[Event "Women&#39;s 4NCL Division 1"]
[Site "Kenilworth, ENG"]
[Date "2019.10.12"]
[Round "2.32"]
[White "Pham, Clemence"]
[Black "Jirgensone, Inga"]
[Result "0-1"]
[WhiteElo "1487"]
[BlackElo "1270"]
[PlyCount "148"]
[EventDate "2019.10.12"]
[WhiteTeam "Richmond Juniors Amazons"]
[BlackTeam "Sacrificial Pawns"]

1. e4 d5 2. exd5 Qxd5 3. Nc3 Qd6 4. Nf3 Nf6 5. d4 c6 6. Bd3 Bg4 7. O-O e6 8.
Be2 Nbd7 9. Bg5 Be7 10. h3 Bxf3 11. Bxf3 Nd5 12. Bxe7 Qxe7 13. Nxd5 cxd5 14.
Bxd5 Nb6 15. Bxb7 Qxb7 16. Qg4 O-O 17. h4 h6 18. Rfe1 Nd5 19. c4 Nf6 20. Qe2
Rfe8 21. b3 Rad8 22. Rad1 Qb6 23. Qe5 Ng4 24. Qf4 Nf6 25. Rd3 Qd6 26. Qd2 Ng4
27. g3 Qc7 28. Rf3 e5 29. d5 e4 30. Rf4 Nf6 31. Qc1 Qc5 32. Qd2 Nh5 33. Rfxe4
Rxe4 34. Rxe4 Nxg3 35. Re3 Nf5 36. Rh3 Re8 37. Qf4 Nd6 38. Rg3 Re1+ 39. Kh2 Nf5
40. Qxf5 Qd4 41. Rg2 Qxh4+ 42. Qh3 Rh1+ 43. Kxh1 Qxh3+ 44. Rh2 Qf3+ 45. Rg2
Qh5+ 46. Rh2 Qe2 47. f4 Qf3+ 48. Rg2 Qxf4 49. Kg1 Qd4+ 50. Rf2 f5 51. Kf1 g6
52. Re2 Kf7 53. Re6 Qa1+ 54. Re1 Qb2 55. d6 Qd4 56. c5 Qxc5 57. Rd1 Ke8 58. d7+
Kd8 59. Rd2 h5 60. Kg2 h4 61. b4 Qxb4 62. Rd3 Qe4+ 63. Rf3 h3+ 64. Kf2 h2 65.
a4 Qxf3+ 66. Kxf3 h1=Q+ 67. Kf4 Kxd7 68. a5 Ke6 69. a6 Qe4+ 70. Kg5 Qg4+ 71.
Kh6 Qh5+ 72. Kg7 g5 73. Kg8 Kf6 74. Kf8 Qf7# 0-1

[Event "Women&#39;s 4NCL Division 1"]
[Site "Kenilworth, ENG"]
[Date "2019.10.12"]
[Round "2.33"]
[White "Pettit, Felicity"]
[Black "Moni, Camilla"]
[Result "0-1"]
[WhiteElo "1198"]
[BlackElo "1195"]
[PlyCount "54"]
[EventDate "2019.10.12"]
[WhiteTeam "Sacrificial Pawns"]
[BlackTeam "Richmond Juniors Amazons"]

1. d4 d5 2. Nf3 Nc6 3. e3 e6 4. Bd3 Nf6 5. c3 Bd6 6. Nbd2 e5 7. e4 dxe4 8. Nxe4
Nxe4 9. Bxe4 O-O 10. Bxh7+ Kxh7 11. Ng5+ Kg8 12. Qh5 Bf5 13. dxe5 Nxe5 14. O-O
f6 15. Nh3 Bxh3 16. Qxh3 Qc8 17. Qg3 Nc4 18. Qg6 Ne5 19. Qg3 Qg4 20. Qe3 Rfe8
21. b3 Qh4 22. h3 Ng4 23. Qd2 Rad8 24. Qc2 Be7 25. Bb2 b6 26. Rab1 Nxf2 27.
Qxf2 Bc5 0-1

[Event "Women&#39;s 4NCL Division 1"]
[Site "Kenilworth, ENG"]
[Date "2019.10.12"]
[Round "2.34"]
[White "Rydahl, Liv"]
[Black "Cuthbert, Larissa"]
[Result "0-1"]
[WhiteElo "1112"]
[BlackElo "1034"]
[PlyCount "56"]
[EventDate "2019.10.12"]
[WhiteTeam "Richmond Juniors Amazons"]
[BlackTeam "Sacrificial Pawns"]

1. d4 Nf6 2. c4 g6 3. Nc3 d5 4. Nf3 Bg7 5. Bf4 Bf5 6. e3 c6 7. c5 Qa5 8. a3 O-O
9. b4 Qd8 10. Be2 Nbd7 11. O-O b6 12. cxb6 axb6 13. b5 c5 14. Ne5 Nxe5 15. dxe5
Ne4 16. Nxd5 e6 17. f3 exd5 18. fxe4 Bxe4 19. Bd3 f5 20. Bxe4 fxe4 21. g3 g5
22. Bxg5 Qxg5 23. h4 Qxg3+ 24. Kh1 Bxe5 25. Rxf8+ Rxf8 26. Qe2 Bxa1 27. Qg2
Qxg2+ 28. Kxg2 d4 0-1

[Event "Women&#39;s 4NCL Division 1"]
[Site "Kenilworth, ENG"]
[Date "2019.10.12"]
[Round "2.41"]
[White "Chaban, Roxolana"]
[Black "Thatte, Nandinee"]
[Result "1-0"]
[WhiteElo "1585"]
[BlackElo "1547"]
[PlyCount "133"]
[EventDate "2019.10.12"]
[WhiteTeam "Ancient & Modern"]
[BlackTeam "Richmond Juniors Boudicca"]

1. e4 c6 2. d4 d5 3. Nc3 dxe4 4. Nxe4 Bf5 5. Ng3 Bg6 6. h4 h6 7. Nf3 Nd7 8. Bc4
e6 9. Bf4 Ngf6 10. Bb3 Be7 11. O-O O-O 12. c4 Nb6 13. Be3 Ne4 14. Nxe4 Bxe4 15.
g3 Bf5 16. a3 Bf6 17. Ne5 Nd7 18. Bf4 Rc8 19. Re1 Nb6 20. Ba2 Re8 21. b4 Qe7
22. Qe2 Nd7 23. Red1 b6 24. c5 bxc5 25. dxc5 Nxe5 26. Bxe5 Bxe5 27. Qxe5 Red8
28. Rd6 Bg4 29. Re1 Bf3 30. Re3 Bg4 31. Red3 Bf5 32. Rd2 Bg4 33. Qd4 Rxd6 34.
cxd6 Qd7 35. Qxg4 Rd8 36. Qe4 Qc8 37. Bb1 g6 38. h5 f5 39. Qe5 g5 40. Qf6 Kh7
41. Qg6+ Kh8 42. Qxh6+ Kg8 43. Qxg5+ Kh7 44. Qg6+ Kh8 45. h6 Qd7 46. Qf6+ Kh7
47. Qe7+ Kxh6 48. Qxd7 Rxd7 49. f3 Kg6 50. Bc2 Kf6 51. f4 e5 52. Ba4 Ke6 53.
fxe5 Kxe5 54. Bxc6 Rxd6 55. Rxd6 Kxd6 56. Bf3 Ke5 57. Kf2 Kd4 58. a4 a6 59. Be2
Kc3 60. Bxa6 Kxb4 61. Bb5 Ka5 62. Kf3 Kb6 63. Kf4 Kc7 64. Kxf5 Kd6 65. g4 Ke7
66. g5 Kf7 67. a5 1-0

[Event "Women&#39;s 4NCL Division 1"]
[Site "Kenilworth, ENG"]
[Date "2019.10.12"]
[Round "2.42"]
[White "Kapila, Maya"]
[Black "Boztas, Lana"]
[Result "0-1"]
[WhiteElo "1502"]
[BlackElo "1562"]
[PlyCount "110"]
[EventDate "2019.10.12"]
[WhiteTeam "Richmond Juniors Boudicca"]
[BlackTeam "Ancient & Modern"]

1. e4 c5 2. Bc4 Nc6 3. Nf3 g6 4. Nc3 Bg7 5. O-O d6 6. h3 Nf6 7. Bb5 Bd7 8. d3
O-O 9. Re1 a6 10. Bc4 Na5 11. Bb3 Nxb3 12. axb3 Bc6 13. d4 cxd4 14. Nxd4 Nd7
15. Nxc6 bxc6 16. Ne2 Nc5 17. Ng3 Qb8 18. Ra3 Rd8 19. c3 Nd7 20. Qe2 a5 21. Bf4
Ne5 22. Bxe5 Bxe5 23. Qc4 Qb6 24. Ne2 d5 25. exd5 cxd5 26. Qh4 Bf6 27. Qg3 e6
28. Rea1 Be7 29. b4 Qb5 30. Nd4 Qc4 31. b3 Qc8 32. Rxa5 Rxa5 33. bxa5 Bc5 34.
b4 Bxd4 35. cxd4 Qc4 36. Qh4 Ra8 37. Rb1 Qb5 38. Qe7 Qd3 39. Ra1 Qxd4 40. Ra3
Qb2 41. Rf3 Rf8 42. a6 Qa1+ 43. Kh2 Qxa6 44. Rb3 Qc4 45. Ra3 Qf4+ 46. Rg3 Qxf2
47. Rf3 Qb2 48. Qb7 Qe5+ 49. Kg1 Qd6 50. b5 d4 51. Kf2 e5 52. Ke2 Qe6 53. Ra3
Qc4+ 54. Kf3 Qf1+ 55. Kg3 Qf4# 0-1

[Event "Women&#39;s 4NCL Division 1"]
[Site "Kenilworth, ENG"]
[Date "2019.10.12"]
[Round "2.43"]
[White "Hannan, Abigail"]
[Black "Wang, Sophie"]
[Result "1/2-1/2"]
[WhiteElo "1502"]
[BlackElo "1397"]
[PlyCount "65"]
[EventDate "2019.10.12"]
[WhiteTeam "Ancient & Modern"]
[BlackTeam "Richmond Juniors Boudicca"]

1. c4 e5 2. Nc3 Nf6 3. Nf3 d6 4. g3 g6 5. d3 Bg7 6. Bg2 Bd7 7. Bg5 h6 8. Bd2
Nc6 9. Qc1 a6 10. Nd5 Nxd5 11. cxd5 Ne7 12. Ng1 Nf5 13. e3 Bb5 14. Qc2 Rc8 15.
a4 Bd7 16. Qb3 Rb8 17. Ne2 b5 18. a5 Rc8 19. O-O O-O 20. Rac1 Ne7 21. Rc3 e4
22. d4 f5 23. Nf4 Kh8 24. Ne6 Bxe6 25. dxe6 c6 26. Rfc1 d5 27. Qb4 Rf6 28. Qc5
Rxe6 29. Bf1 Bf8 30. Qa3 Rb8 31. b4 Bg7 32. Qa2 Rc8 33. Be2 1/2-1/2

[Event "Women&#39;s 4NCL Division 1"]
[Site "Kenilworth, ENG"]
[Date "2019.10.12"]
[Round "2.44"]
[White "Moussa, Jolnar Mia"]
[Black "Shahameeran, Ashika"]
[Result "0-1"]
[WhiteElo "1187"]
[BlackElo "1247"]
[PlyCount "136"]
[EventDate "2019.10.12"]
[WhiteTeam "Richmond Juniors Boudicca"]
[BlackTeam "Ancient & Modern"]

1. e4 e5 2. Nf3 Nc6 3. Bc4 Nf6 4. Ng5 d5 5. exd5 Nd4 6. d6 Qxd6 7. Nxf7 Qc6 8.
O-O Bh3 9. gxh3 Nf3+ 10. Kh1 Nh4+ 11. f3 Qxc4 12. Nxh8 O-O-O 13. d3 Qe6 14. Bg5
Nf5 15. Bxf6 Qxf6 16. Rg1 Ne3 17. Qe2 Nd5 18. Nc3 Nf4 19. Qf2 g6 20. Ne4 Qxh8
21. Ng5 Qg7 22. c3 h6 23. Ne4 Nxh3 24. Nc5 Bxc5 25. Qxc5 Nxg1 26. Rxg1 Qf6 27.
Qxa7 Qxf3+ 28. Rg2 Rxd3 29. Qa8+ Kd7 30. Qa4+ c6 31. h3 Qf1+ 32. Kh2 Qf5 33.
Qc2 Qxh3+ 34. Kg1 Qe3+ 35. Kh2 Qf4+ 36. Kg1 Rg3 37. Qd1+ Kc7 38. Rxg3 Qxg3+ 39.
Kf1 Qh3+ 40. Kg1 Qg3+ 41. Kh1 h5 42. Qc2 h4 43. a4 h3 44. b4 Qg2+ 45. Qxg2
hxg2+ 46. Kxg2 Kd6 47. c4 c5 48. b5 Kc7 49. a5 g5 50. a6 bxa6 51. bxa6 Kb6 52.
a7 Kxa7 53. Kf3 Ka6 54. Ke4 Ka5 55. Kxe5 Kb4 56. Kf5 Kxc4 57. Kxg5 Kd4 58. Kf4
c4 59. Kf3 c3 60. Kf2 c2 61. Kf1 Kd3 62. Kg2 c1=Q 63. Kh2 Ke2 64. Kg2 Qe3 65.
Kh1 Qd2 66. Kh2 Qg5 67. Kh1 Kf2 68. Kh2 Qh5# 0-1

[Event "Women&#39;s 4NCL Division 1"]
[Site "Kenilworth, ENG"]
[Date "2019.10.12"]
[Round "2.203"]
[White "Jayawarna, Tarini"]
[Black "Dicen, Imogen"]
[Result "0-1"]
[WhiteElo "1637"]
[BlackElo "1840"]
[PlyCount "56"]
[EventDate "2019.10.12"]
[WhiteTeam "Manchester"]
[BlackTeam "Warwickshire Bears"]

1. e4 c5 2. Nf3 Nc6 3. d4 cxd4 4. Nxd4 d6 5. Nc3 Bd7 6. Be3 Nf6 7. f3 g6 8. Bc4
Bg7 9. Qd2 O-O 10. O-O-O a6 11. g4 b5 12. Bb3 Na5 13. h4 Nxb3+ 14. Nxb3 b4 15.
Ne2 a5 16. h5 a4 17. Na1 b3 18. axb3 a3 19. Nc3 axb2+ 20. Kxb2 Qa5 21. Na4
Nxe4+ 22. Qd4 Bxd4+ 23. Bxd4 Bxa4 24. bxa4 Qb4+ 25. Nb3 Nc5 26. hxg6 fxg6 27.
Bc3 Nxa4+ 28. Kc1 Qxc3 0-1

[Event "Women&#39;s 4NCL Division 1"]
[Site "Kenilworth, ENG"]
[Date "2019.10.12"]
[Round "2.206"]
[White "Pillay, Shriya"]
[Black "Ashton, Alannah"]
[Result "0-1"]
[WhiteElo "1570"]
[BlackElo "1382"]
[Annotator "user"]
[PlyCount "84"]
[EventDate "2019.10.12"]
[WhiteTeam "Warwickshire Bears"]
[BlackTeam "Manchester"]

1. d4 d5 2. c4 e6 3. Nc3 Nf6 4. Nf3 Be7 5. Bd2 O-O 6. g3 Nbd7 7. Bg2 b6 8. O-O
Bb7 9. Re1 c5 10. Qc2 Rc8 11. Rac1 cxd4 12. Nb5 Rxc4 13. Qd3 Rxc1 14. Rxc1 e5
15. Qb3 Nc5 16. Qc2 Ba6 17. Nxa7 Qd7 18. Nxe5 Qxa7 19. Nc6 Qd7 20. Nxd4 Nce4
21. Be3 Ng4 22. Bxe4 dxe4 23. Qxe4 Nxe3 24. Qxe3 Bb7 25. Nf3 Bc5 26. Qc3 Rc8
27. Qe1 Re8 28. Rd1 Qg4 29. Rd3 Bxf3 30. Rxf3 Qxf3 31. exf3 Rxe1+ 32. Kg2 Re2
33. b4 Rxf2+ 34. Kh3 Bxb4 35. f4 Rxa2 36. g4 {both scoresheets say Bg1 here
for Black - so this next move is a way to make 41..Be3+ possible.} Bc5 37. Kh4
b5 38. h3 b4 39. Kg5 Ra5 40. f5 b3 41. h4 Be3+ 42. Kh5 g6# 0-1

[Event "Women&#39;s 4NCL Division 1"]
[Site "Kenilworth, ENG"]
[Date "2019.10.12"]
[Round "2.201"]
[White "James, Ann-Marie"]
[Black "Jaufarally, Nadia"]
[Result "1-0"]
[WhiteElo "2050"]
[BlackElo "1952"]
[PlyCount "95"]
[EventDate "2019.10.12"]
[WhiteTeam "Warwickshire Bears"]
[BlackTeam "Wood Green Youth"]

1. e4 c5 2. Nf3 g6 3. Bb5 Bg7 4. a4 Nc6 5. d3 a6 6. Bxc6 bxc6 7. Qe2 a5 8. Nbd2
e5 9. Nc4 d6 10. Bd2 Be6 11. Bc3 Ne7 12. Rd1 O-O 13. Qd2 d5 14. Bxa5 Qb8 15.
Ne3 d4 16. Nc4 Bxc4 17. dxc4 Qxb2 18. O-O Qb7 19. Rb1 Qa6 20. Bc7 f6 21. a5
Qxc4 22. Rb7 Rfe8 23. Rfb1 Bf8 24. Bd6 Rad8 25. Bc7 Ra8 26. Ne1 Nc8 27. Nd3 Nd6
28. Bxd6 Bxd6 29. Qh6 Re7 30. Rxe7 Bxe7 31. Qd2 Qa4 32. h4 Qxa5 33. Qc1 c4 34.
Ne1 Ba3 35. Qd1 Bb4 36. Qg4 Ra7 37. Qe6+ Kg7 38. Nf3 Qc5 39. h5 d3 40. cxd3
cxd3 41. hxg6 hxg6 42. Nh4 Qe7 43. Qg4 Qf7 44. Rxb4 d2 45. Nf5+ Kf8 46. Rb8+
Qe8 47. Rxe8+ Kxe8 48. Ne3 1-0

[Event "Women&#39;s 4NCL Division 1"]
[Site "Kenilworth, ENG"]
[Date "2019.10.12"]
[Round "2.204"]
[White "Stevens, Abbie"]
[Black "Dicen, Elis Denele"]
[Result "1-0"]
[WhiteElo "1577"]
[BlackElo "1577"]
[PlyCount "217"]
[EventDate "2019.10.12"]
[WhiteTeam "Wood Green Youth"]
[BlackTeam "Warwickshire Bears"]

1. c4 e5 2. g3 Nf6 3. Bg2 Be7 4. Nc3 O-O 5. d3 c6 6. Nf3 d6 7. O-O Be6 8. Bd2
Nbd7 9. Ng5 Re8 10. Nxe6 fxe6 11. Bh3 Bf8 12. Bg5 d5 13. cxd5 exd5 14. Qc1 Nc5
15. b4 Ne6 16. Bxe6+ Rxe6 17. a3 h6 18. Bd2 a6 19. e4 d4 20. Na4 Kh8 21. Qd1 b5
22. Nc5 Bxc5 23. bxc5 Qf8 24. Rc1 a5 25. f4 exf4 26. Rxf4 Qe7 27. Qe2 Re5 28.
Qf2 Qd8 29. Rf5 Rxf5 30. Qxf5 Qd7 31. Qf4 a4 32. Qd6 Rd8 33. Qf4 Qe7 34. Ba5
Rd7 35. Bb4 Ne8 36. Rf1 Kg8 37. Qg4 Kh8 38. Bd2 Nf6 39. Qf5 Nh7 40. Bf4 Qe8 41.
Bd6 Ng5 42. Qg4 Qe6 43. Qe2 Kh7 44. Qh5 Nf7 45. Bf4 Re7 46. Kg2 Qa2+ 47. Kg1
Qe6 48. g4 Qg6 49. Qh4 Rd7 50. Qh3 Re7 51. Qh4 Rd7 52. h3 Kg8 53. Qg3 Ng5 54.
h4 Ne6 55. Bd6 Kh7 56. Rf5 Rf7 57. h5 Qg5 58. Rxg5 Nxg5 59. Bf4 Ne6 60. Bd6 Ng5
61. Kg2 b4 62. axb4 a3 63. Be5 Ne6 64. Qe1 a2 65. Qa1 Ra7 66. Kg3 Kg8 67. g5
hxg5 68. Kg4 Kf7 69. Kf5 Ke7 70. Kg6 Ke8 71. Kf5 Kf7 72. Kg4 Kg8 73. Kf3 Kf7
74. Ke2 g4 75. Kf2 Kg8 76. Kg3 Kf7 77. Kxg4 Kg8 78. Kf5 Kf7 79. Kg4 Kg8 80. Kf3
Kf7 81. Ke2 Kg8 82. Kd2 Ng5 83. Bxd4 Nf3+ 84. Ke3 Nxd4 85. Kxd4 Kf7 86. Ke5 Ke7
87. Kd4 Ke6 88. Kc4 Kf7 89. e5 Ke6 90. b5 cxb5+ 91. Kxb5 Kd5 92. Kb6 Ra3 93. c6
Rb3+ 94. Kc7 Ra3 95. e6 Kxe6 96. d4 Kd5 97. Kb6 Rb3+ 98. Kc7 Ra3 99. Kb6 Rb3+
100. Ka5 Ra3+ 101. Kb4 Ra8 102. c7 Kc6 103. Qh1+ Kxc7 104. Qxa8 Kd7 105. Qxa2
Kc8 106. Qf7 Kb8 107. Kb5 Ka8 108. Kb6 Kb8 109. Qe8# 1-0

[Event "Women&#39;s 4NCL Division 1"]
[Site "Kenilworth, ENG"]
[Date "2019.10.12"]
[Round "2.202"]
[White "Somton, Anita"]
[Black "Zhu, Yaoyao"]
[Result "1/2-1/2"]
[WhiteElo "1831"]
[BlackElo "1873"]
[PlyCount "96"]
[EventDate "2019.10.12"]
[WhiteTeam "Wood Green Youth"]
[BlackTeam "Manchester"]

1. d4 Nf6 2. Nf3 g6 3. c4 Bg7 4. Nc3 d6 5. e4 O-O 6. Be2 Nc6 7. d5 Ne5 8. Nxe5
dxe5 9. O-O e6 10. Qb3 exd5 11. cxd5 Ne8 12. Be3 Nd6 13. Rac1 a6 14. f3 f5 15.
exf5 gxf5 16. Bd3 Kh8 17. Qc2 Bd7 18. f4 e4 19. Be2 Bb5 20. b3 Rf7 21. Rfd1 Qe7
22. Bxb5 Nxb5 23. Ne2 Rd8 24. a4 Nd6 25. Nd4 Rd7 26. Ne6 Bf6 27. Qe2 c6 28.
dxc6 bxc6 29. Nc5 Rd8 30. Qxa6 Qe8 31. b4 Ra8 32. Qe2 Nb7 33. a5 Nxc5 34. Bxc5
Be7 35. Qe3 Bxc5 36. Rxc5 Rd7 37. Rd4 Rad8 38. Rcc4 Qe7 39. a6 Rxd4 40. Rxd4
Ra8 41. Qc3 Qg7 42. Qd2 Qe7 43. Rd7 Qf6 44. Qa2 Qc3 45. g3 Qe3+ 46. Kg2 Qf3+
47. Kg1 Qe3+ 48. Kg2 Qf3+ 1/2-1/2

[Event "Women&#39;s 4NCL Division 1"]
[Site "Kenilworth, ENG"]
[Date "2019.10.12"]
[Round "2.205"]
[White "Jayawarna, Thisumi"]
[Black "Wilson, Julie"]
[Result "0-1"]
[WhiteElo "1532"]
[BlackElo "1842"]
[PlyCount "146"]
[EventDate "2019.10.12"]
[WhiteTeam "Manchester"]
[BlackTeam "Wood Green Youth"]

1. e4 e6 2. d4 d5 3. e5 c5 4. c3 Nc6 5. Nf3 Bd7 6. a3 Nge7 7. b4 cxd4 8. cxd4
Ng6 9. g3 Be7 10. Bg2 Qb6 11. Bb2 a5 12. Qb3 axb4 13. axb4 Bxb4+ 14. Nbd2 Rxa1+
15. Bxa1 Bxd2+ 16. Nxd2 Qa7 17. Qb2 O-O 18. O-O Rc8 19. Rb1 Nd8 20. Nb3 Ne7 21.
Nc5 Bc6 22. Qb4 Ra8 23. Nxe6 Nxe6 24. Qxe7 Nxd4 25. Bxd4 Qxd4 26. e6 fxe6 27.
Qxe6+ Kh8 28. Re1 Rf8 29. Bf3 Qf6 30. Qxf6 Rxf6 31. Ra1 Kg8 32. Bg2 Kf7 33. Rd1
Rd6 34. Kf1 d4 35. f3 Ke6 36. Ke2 g5 37. h3 h5 38. g4 h4 39. Kd3 Ke5 40. Ke2
Kf4 41. Kf2 d3 42. Rd2 Rd4 43. Bf1 Bxf3 44. Rxd3 Rxd3 45. Bxd3 Bc6 46. Bf5 b5
47. Bc2 Bd5 48. Bb1 b4 49. Bc2 b3 50. Bd3 b2 51. Bb1 Be4 52. Ba2 b1=Q 53. Bxb1
Bxb1 54. Kg2 Be4+ 55. Kf2 Bd5 56. Kg1 Kg3 57. Kf1 Kxh3 58. Kg1 Kg3 59. Kf1 Kxg4
60. Ke2 Kg3 61. Kd3 h3 62. Kd4 Bf3 63. Kc5 h2 64. Kb4 h1=Q 65. Kc5 Qd1 66. Kc4
Kf4 67. Kc3 g4 68. Kc4 g3 69. Kc3 g2 70. Kc4 g1=Q 71. Kb5 Qc1 72. Ka5 Qb1 73.
Ka6 Qgb6# 0-1